Italia /
Gorde:
| Egile nagusia: | |
|---|---|
| Beste egile batzuk: | |
| Formatua: | Liburua |
| Hizkuntza: | italiera |
| Argitaratua: |
Milano :
Rizzoli,
1975
|
| Saila: | La geografia di Biagi ;
3 |
| Gaiak: | |
| Etiketak: |
Etiketarik gabe, Izan zaitez lehena erregistro honi etiketa jartzen!
|
MARC
| LEADER | 00000nam a22000007i 4500 | ||
|---|---|---|---|
| 001 | IT\ICCU\RAV\0145715 | ||
| 003 | ItRI | ||
| 005 | 20260115232246.0 | ||
| 008 | 910611s1975 it |||||| ||||| |||||c | ||
| 015 | |2 IT |a 7510746 | ||
| 040 | |b ita |c importazione bologna sebina | ||
| 041 | 7 | |a ita |2 ISO-639-2 | |
| 082 | |a 945 |9 STORIA. ITALIA |2 17 | ||
| 082 | |a 945 |9 STORIA DELL'ITALIA |2 18 | ||
| 100 | 1 | |a Biagi, Enzo |0 IT\ICCU\CFIV\010084 |4 aut | |
| 240 | 1 | 0 | |a Italia |3 IT\ICCU\TSA\1851321 |9 Biagi, Enzo |
| 245 | 1 | 0 | |a Italia / |c Enzo Biagi ; disegni di Luciano Francesconi. |
| 260 | |a Milano : |b Rizzoli, |c 1975 | ||
| 300 | |a 310 p. : |b ill. ; |c 23 cm. | ||
| 650 | 7 | |a Italiani | |
| 650 | 7 | |a SOCIETA' |x Italia |x Sec.20. | |
| 700 | 1 | |a Francesconi, Luciano |0 IT\ICCU\RAVV\017441 |4 ill | |
| 790 | 1 | |a Biagi, Enzo Marco |3 IT\ICCU\UBOV\485826 |z Biagi, Enzo | |
| 830 | 3 | |a La geografia di Biagi ; |v 3 |0 IT\ICCU\RAV\0003456 | |
| 942 | |2 ddc |c BK |n 0 | ||
| 952 | |0 0 |1 0 |4 0 |6 DOC_914_500000000000000_BIA |7 0 |9 23149 |a BO |b BO |d 2026-01-15 |i 9960 |l 0 |o DOC 914.5 BIA |p BO9960 |r 2026-01-15 23:22:46 |w 2026-01-15 |x [Sebina 7] [1 v.] |y BK |z 1 v. | ||
| 999 | |c 19740 |d 19740 | ||